Una jornada en Macondo (Registro nro. 42448)

Detalles MARC
000 -ENCABEZADO
Número de control [NR] 00899nam a2200217Ia 4500
005 - FECHA Y HORA DE LA ÚLTIMA TRANSACCIÓN
control field 20241127084658.0
008 - DE LONGITUD FIJA DE DATOS DE ELEMENTOS - INFORMACIÓN GENERAL
Elementos de longitud fija [NR] 130821s1992 ne ao gr spa
020 ## - NUMERO INTERNACIONAL NORMALIZADO PARA LIBROS [R]
Número Internacional Normalizado del libro [NR] 9589138829
040 ## - FUENTE DE CATALOGACION [NR]
Agencia de catalogación original [NR] Co-BoUCM
Idioma de catalogación [NR] spa
Quien Cataloga David Moreno (modificó)
Quien Clasifica David Moreno (modificó)
041 00 - CODIGO DE IDIOMA [R]
Código de idioma para texto/pista de sonido o título separado [R] Español
100 1# - ASIENTO PRINCIPAL--NOMBRE PERSONAL [NR]
Nombre personal [NR] García Márquez, Gabriel
Fechas asociadas con el nombre [NR] 1928-
ID Autoridad 1716
245 14 - MENCION DE TITULO [NR]
Título [NR] Una jornada en Macondo
Mención de responsabilidad, etc. [NR] textos Gabriel García Márquez ; fotografías Hannes Wallrafen
260 ## - PUBLICACION, DISTRIBUCION, ETC. (PIE DE IMPRENTA) [R]
Lugar de publicación, distribución, etc. [R] Ámsterdam (Holanda)
Nombre del editor, distribuidor, etc. [R] Villegas Editores
Fecha de publicación, distribución, etc. [R] 1992
300 ## - DESCRIPCION FISICA [R]
Extensión [R] 81 páginas
Otros detalles físicos [NR] ilustraciones, fotografías
650 04 - ASIENTO SECUNDARIO DE MATERIA - TERMINO TEMATICO [R]
Término temático o nombre geográfico como elemento de entrada [NR] Literatura colombiana
9 (RLIN) 18629
650 04 - ASIENTO SECUNDARIO DE MATERIA - TERMINO TEMATICO [R]
Término temático o nombre geográfico como elemento de entrada [NR] Literatura colombiana
Subdivisión general [R] Historia y crítica
Subdivisión de forma [R] Fotografías
9 (RLIN) 18629
650 04 - ASIENTO SECUNDARIO DE MATERIA - TERMINO TEMATICO [R]
Término temático o nombre geográfico como elemento de entrada [NR] Novela colombiana
Subdivisión general [R] Historia y crítica
Subdivisión de forma [R] Fotografías
9 (RLIN) 20483
700 1# - ASIENTO SECUNDARIO - NOMBRE PERSONAL [R]
Nombre personal [NR] Wallrafen, Hannes
Fechas asociadas con el nombre [NR] 1951-
9 (RLIN) 161254
942 ## - ELEMENTOS DE ENTRADA AGREGADOS (KOHA)
Tipo de ítem principal el descrito en 300a Libro
Tema principal Filosofía
Edición 1
Prefijo de la signatura top. (colección) Literatura - Colombia
Parte restante de la signatura top. G216jo
Sistema de clasificación DEWEY
Clasificación 860.44
Título oculto en OPAC No
Existencias
Fecha de último préstamo Total préstamos Total Renewals Signatura topográfica Código de barras Última vez visto Ejemplar Price effective from Tipo de ítem Perdido Sistema de clasificación Dañado No prestable Tipo de ítem específico Suprimido Ubicación habitual Ubicación actual Localización Fecha de creación Forma de adquisición Costo
31/08/2016 1 3 860.44 G216jo 100061687 24/01/2025 Ej.1 03/02/2013 Libro   DEWEY     Libro   Sede del emprendimiento y la innovación Sede del Emprendimiento, Innovación y Creación 1er piso 28/02/2004 Donación 24500.00